000 00227 a2200097 4500
001 24457
100 _aYeh, H
245 _aPrinciples of Mechanics of solids and Fluids
260 _a
_bMcGraw-Hill
_c1960
090 _c16512
_d16512
942 _aNUST-CAE
_cM
_c7239
999 _c259530
_d259530